| 000 | 00938nam a22001817a 4500 | ||
|---|---|---|---|
| 008 | 100622t xxu||||| |||| 00| 0 eng d | ||
| 020 | _a977130139X | ||
| 082 |
_222 _a070.02391638 _bص ح ا |
||
| 111 |
_915039 _aممارسة مهنة الصحافة في إقليم البحر المتوسط _cمارسيليا - قصر فارو |
||
| 245 |
_aمهنة الصحافة في بلاد البحر المتوسط / _cتحرير كينث براون [و آخ ...] |
||
| 260 |
_aالقاهرة : _b[الأهرام] ، 1995 _c1995 |
||
| 300 |
_a213 ص ؛ _c21 سم |
||
| 490 |
_915035 _a ؛ كتاب السياسة الدولية _v1 |
||
| 650 |
_915038 _aالصحافة (مهنة) _zالبحر المتوسط |
||
| 700 |
_915037 _aبراون، كينث |
||
| 942 |
_2ddc _cBB |
||
| 999 |
_c14157 _d14157 |
||